banner koha

Transplante autólogo de células mononucleares da medula óssea em úlcera de córnea experimental em cães (Registro n. 205380)

MARC details
000 -LÍDER
campo de controle de tamanho fixo 01122nas a2200385 4500
001 - NÚMERO DE CONTROLE
campo de controle BR0905762
003 - IDENTIFICADOR DO NÚMERO DE CONTROLE
campo de controle BR-BrBNA
005 - DATA E HORÁRIO DA ÚLTIMA TRANSAÇÃO
campo de controle 20231205113739.0
007 - CAMPO FIXO DE DESCRIÇÃO FÍSICA--INFORMAÇÃO GERAL
campo de controle de tamanho fixo ta
008 - CAMPO DE DADOS FIXOS--INFORMAÇÃO GERAL
campo de controle de tamanho fixo 230509b bl.|||p| |||| 00| 00por d
040 ## - FONTE DA CATALOGAÇÃO
Instituição da catalogação original BR-BrBNA
Idioma da catalogação por
Instituição que transcreveu o registro Biblioteca Nacional de Agricultura
041 ## - CÓDIGO DE IDIOMA
Código do idioma do texto/trilha sonora ou título diferente (Pt)
072 ## - CÓDIGO DE CATEGORIA DE ASSUNTO
Código de Categoria de Assunto L70
100 1# - ENTRADA PRINCIPAL--NOME PESSOAL
Nome pessoal Tognoli, G.K.
100 1# - ENTRADA PRINCIPAL--NOME PESSOAL
Nome pessoal Olsson, D.C.
100 1# - ENTRADA PRINCIPAL--NOME PESSOAL
Nome pessoal Martins, D.B.
100 1# - ENTRADA PRINCIPAL--NOME PESSOAL
Nome pessoal Santos Júnior, E. de B.
100 1# - ENTRADA PRINCIPAL--NOME PESSOAL
Nome pessoal Salbego, F.Z.
100 1# - ENTRADA PRINCIPAL--NOME PESSOAL
Nome pessoal Oliveira, G.K. de
100 1# - ENTRADA PRINCIPAL--NOME PESSOAL
Nome pessoal Braga, F. de V.A.
100 1# - ENTRADA PRINCIPAL--NOME PESSOAL
Nome pessoal Raiser, A.G.
100 1# - ENTRADA PRINCIPAL--NOME PESSOAL
Nome pessoal Dezengrini, R.
100 1# - ENTRADA PRINCIPAL--NOME PESSOAL
Nome pessoal Cruz, F.S.F. da
100 1# - ENTRADA PRINCIPAL--NOME PESSOAL
Nome pessoal Castro, M.B. de
100 1# - ENTRADA PRINCIPAL--NOME PESSOAL
Nome pessoal Rosa, M.C.
100 1# - ENTRADA PRINCIPAL--NOME PESSOAL
Nome pessoal Carregaro, A.B.
100 1# - ENTRADA PRINCIPAL--NOME PESSOAL
Nome pessoal Pippi, N.L.
245 1# - TÍTULO
Título Transplante autólogo de células mononucleares da medula óssea em úlcera de córnea experimental em cães
650 ## - ASSUNTO--TERMO TÓPICO
Cabeçalho tópico ou nome geográfico CÃO
650 ## - ASSUNTO--TERMO TÓPICO
Cabeçalho tópico ou nome geográfico MEDULA ÓSSEA
650 ## - ASSUNTO--TERMO TÓPICO
Cabeçalho tópico ou nome geográfico CIRURGIA
773 0# - ENTRADA ANALÍTICA
Título Ciência Rural (Brazil)
ISSN - International Standard Serial Number ISSN 0103-8478
Partes relacionadas (Jan-Feb 2009), v. 39(1) p. 148-155
Número de controle do registro BR0905762
909 ## -
-- 202311
-- Lúcia
-- 55
-- Lúcia Elande
942 ## - ELEMENTOS DE ENTRADA ADICIONADOS (KOHA)
Fonte da classificação ou esquema de arquivamento na estante Classificação AGRIS
Ocultar no OPAC Não
Tipo de material Koha Analítica
Exemplares
Situação do descarte Fonte da classificação ou esquema de arquivamento na estante Situação física Não pode ser emprestado Biblioteca de origem Biblioteca atual Localização na estante Enumeração do periódico / cronologia Total de empréstimos Data de último acesso Número do exemplar Tipo de material Koha Fonte de aquisição
  Classificação AGRIS   Consulta local Biblioteca Nacional de Agricultura - Binagri Biblioteca Nacional de Agricultura - Binagri   (Jan-Feb 2009), v. 39(1) p. 148-155   29/11/2023 01 Periódicos Portaria Interministerial nº 164/94

BINAGRI

Telefone: (61)3218-2567/2388/3357/2097 - binagri@agro.gov.br

Ministério da Agricultura e Pecuária , Esplanada dos Ministérios, Bloco D, Anexo B, Brasília/DF, CEP: 70.043-900